000 01416nam0a22003371 4500
001 rc\4036585
005 20260406064913.0
021 _aRU
_b[49-41222]
035 _a(NLR Aleph) 008096055
090 _a9214132
_c9214132
100 _a20130415d1949 |||y0rusy50 ca
101 1 _arus
_ceng
102 _aRU
105 _ay z |||||
200 1 _aАлгебраическая топология
_fПер. с англ. М.Р. Шура-Бура
_gС предисл. П.С. Александрова, [с. 5-7]
210 _aМосква
_cИзд-во иностр. лит.
_d1949
_gОбразцовая тип. им. Жданова
_gТип. им. Евг. Соколовой в Л.
215 _a504 с.
_d22
300 _aПеред загл. авт.: С. Лефшец
300 _aНа доп. тит. л.: Algebraic topology. By S. Lefschetz. 1942
320 _aБиблиогр.: с. 484-491
513 0 _aAlgebraic topology
606 _aТопология алгебраическая
_2psbo
700 1 _aЛефшец
_bС.
_f1884-1972
_gСоломон
702 1 _aШура-Бура
_bМ.Р.
_4730
702 1 _4080
_8rus
_7ca
_aАлександров
_bП. С.
_cд-р физ.-мат. наук
_f1896-1982
_gПавел Сергеевич
_3RU\NLR\AUTH\7724309
_97360
801 0 _aRU
_bNLR
_gpsbo
801 1 _aRU
_bELAR
_2rusmarc
852 _aNLR
_jМт02 Г-5/224
942 _cBOOK
980 _aNB